|
|
|
|
| LEADER |
02376nam a22003137a 4500 |
| 001 |
45107 |
| 003 |
BD-DhAAL |
| 005 |
20251123121454.0 |
| 008 |
251123t2013 my ||||| |||| 00| 0 eng d |
| 020 |
|
|
|a 9789675415364
|
| 040 |
|
|
|a BD-DhAAL
|c BD-DhAAL
|
| 082 |
1 |
4 |
|2 23
|a 338.9
|
| 100 |
1 |
|
|a Molla, Rafiqul Islam,
|e author.
|9 59867
|
| 245 |
1 |
0 |
|a Development issues policies and actions :
|b selected recent works on Malaysia and Bangladesh /
|c Rafiqul Islam Molla, Md. Wahid Murad, Ad. Mahmudul Alam.
|
| 246 |
3 |
0 |
|a Development issues policies and actions
|
| 260 |
|
|
|a Kangar, Malaysia :
|b Universiti Malaysia Perlis ;
|c 2013.
|
| 300 |
|
|
|a xxvi, 231 pages :
|b graphs, 1 map ;
|c 23 cm
|
| 504 |
|
|
|a Includes bibliographical references and index.
|
| 505 |
0 |
|
|a 1. The ethical and holistic nature of development -- 2. Innovative and proactive economic zone regime sets the base and space of industrialization and globalization in developing economies -- 3. Mainstreaming the third sector economics as a way out to ensuring development with equity and social justice -- 4. The deceptive nature of capitalist globalization and the demand for inclusive globalization for a new international economic order -- 5. Scopes and limitations of microcredit/microfinance as a strategy for poverty alleviation and socio-economic emancipation of the poor in Bangladesh -- 6. Population debate & the paradox of global population stabilization policy -- 7. Environment and sustainable development : impacts of climatic changes on the rural economy of Malaysia.
|
| 541 |
1 |
|
|a Complimentary copy from MD Mahmudul Alam, Professor of Finance, BRAC Business School, BRAC University
|e 45107
|
| 650 |
0 |
|
|a Sustainable development
|z Bangladesh.
|
| 650 |
0 |
|
|a Sustainable development
|z Malaysia.
|9 59869
|
| 700 |
1 |
|
|a Murad, Md. Wahid,
|e author.
|9 59870
|
| 700 |
1 |
|
|a Alam, Mahmudul,
|e author.
|9 58161
|
| 710 |
2 |
|
|a International Islamic University Chittagong.
|9 59868
|
| 852 |
|
|
|a Ayesha Abed Library
|c General Stacks
|
| 942 |
|
|
|2 ddc
|c BK
|
| 999 |
|
|
|c 47644
|d 47644
|
| 952 |
|
|
|0 0
|1 0
|2 ddc
|4 0
|6 338_900000000000000_MOL
|7 0
|9 78529
|a BRACUL
|b BRACUL
|c NEW
|d 2025-11-23
|e Complimentary copy from MD Mahmudul Alam, Professor of Finance, BRAC Business School, BRAC University
|l 0
|o 338.9 MOL
|p 3010045107
|r 2025-11-23
|t 1
|w 2025-11-23
|y BK
|x Complimentary copy from MD Mahmudul Alam, Professor of Finance, BRAC Business School, BRAC University
|